|
|
|
|
| LEADER |
00000cam a2200000 a 4500 |
| 001 |
vtls001101906 |
| 003 |
SK-MaSNL |
| 005 |
20260301041417.0 |
| 008 |
180815s1981 xo 0000p slo |
| 015 |
|
|
|a SNBA1981/06
|
| 035 |
|
|
|a SNK000044748
|
| 040 |
|
|
|a SNK
|b slo
|c SNK
|e AACR2
|
| 041 |
0 |
|
|a slo
|
| 044 |
|
|
|a xo
|c SK
|
| 080 |
|
|
|a 885.4-1
|2 1981
|
| 100 |
1 |
|
|a Lenko, Július,
|d 1914-2000
|4 aut
|9 105440
|
| 245 |
1 |
0 |
|a Čakaj ma pri púpavách
|c Július Lenko
|
| 250 |
|
|
|a 1. vyd.
|
| 260 |
|
|
|a Bratislava
|b Slovenský spisovateľ
|c 1981
|e Martin
|f Tlačiarne SNP
|
| 300 |
|
|
|a 87 s.
|c 24 cm
|
| 366 |
|
|
|e 3000 výtl.
|
| 490 |
1 |
|
|a Nová poézia
|
| 500 |
|
|
|a Rozložený titulny list
|
| 655 |
|
7 |
|a slovenská poézia
|2 SNKPH
|9 70444
|
| 700 |
1 |
|
|a Štrba, Gabriel,
|d 1932-
|4 bkd
|9 92709
|
| 830 |
|
0 |
|a Nová poézia
|9 277095
|
| 958 |
|
|
|a OND
|
| 958 |
|
|
|a LX
|
| 958 |
|
|
|a TL
|
| 999 |
|
|
|c 588396
|d 590326
|
| 952 |
|
|
|t P60, <05>, [BOOK], {605}
|a SNK
|b SNK
|y PREZ
|7 0
|p 17A0227786
|o snkSC 52712 D1
|0 0
|1 0
|4 0
|d 2000-02-11
|l 0
|r 2004-12-31 00:00:00
|w 2026-02-23
|
| 952 |
|
|
|a SNK
|b SNK
|y PREZ
|7 0
|p 17A0864088
|o snkSC 52712
|0 0
|1 0
|4 0
|d 2012-08-01
|l 0
|r 2026-02-23 15:16:02
|w 2026-02-23
|
| 952 |
|
|
|a SNKLM
|b SNKLM
|y NEVYP
|7 0
|o snklmMK 2606
|i snklm302/81
|8 3
|0 0
|1 0
|4 0
|d 2006-01-19
|l 0
|r 2026-02-23 15:16:02
|w 2026-02-23
|